Architect of global jihad (Record no. 372676)

MARC details
000 -LEADER
fixed length control field 00533nam a2200193Ia 4500
008 - FIXED-LENGTH DATA ELEMENTS--GENERAL INFORMATION
fixed length control field 191130s1988##################000#0#eng##
020 ## - INTERNATIONAL STANDARD BOOK NUMBER
ISBN 9781850658566
082 ## - DEWEY DECIMAL CLASSIFICATION NUMBER
Classification number 363.325092 LIA
100 ## - MAIN ENTRY--AUTHOR NAME
Personal name Lia, Brynjar
245 ## - TITLE STATEMENT
Title Architect of global jihad
Statement of responsibility, etc Brynjar Lia
260 ## - PUBLICATION, DISTRIBUTION, ETC. (IMPRINT)
Place of publication London
Name of publisher Hurst & Company
Year of publication 1988
300 ## - PHYSICAL DESCRIPTION
Number of Pages xii,510 p
500 ## - GENERAL NOTE
General note Includes index and bibliographical reference
650 ## - SUBJECT ADDED ENTRY--TOPICAL TERM
Topical Term Terrorism
991 ## -
-- 307437
Holdings
Withdrawn status Lost status Damaged status Not for loan Home library Current library Date acquired Full call number Accession Number Price effective from Koha item type
        Anna Centenary Library Anna Centenary Library 17.10.2020 363.325092 LIA 99722 17.10.2020 English Books

Find us on the map